Motivación y emoción

Sparad:
Bibliografiska uppgifter
Huvudupphovsman: Palmero, Francisco (coordinador)
Övriga upphovsmän: Martínez Sánchez, Francisco (coordinador)
Materialtyp: Bok
Språk:spanska
Publicerad: Madrid Mc Graw Hill 2008
Ämnen:
Taggar: Lägg till en tagg
Inga taggar, Lägg till första taggen!

MARC

LEADER 00000nam a2200000 a 4500
001 UCI7392
003 CL-VaPUC
005 20230401074322.0
008 080703e20080000SP |||||||||||||||||spa|d
999 |c 330692  |d 330690 
020 |a 9788448161019 
040 |c Pontificia Universidad Católica de Valparaíso 
082 0 4 |a 152.4  |b PAL  |2 21 
100 |a Palmero, Francisco  |e coordinador  |9 530618 
245 1 0 |a Motivación y emoción 
260 |a Madrid  |b Mc Graw Hill  |c 2008 
300 |a 438 p 
583 |a last modification  |c 20080703 00:00:00  |k Rodrigo Vera 
650 0 |a Motivación   |9 315362 
650 7 |a EMOCION  |2 CL-VaPUC  |9 379822 
650 0 |a Psicología cognitiva   |9 306250 
650 7 |a ESTRES  |2 CL-VaPUC  |9 338725 
650 0 |a Inteligencia emocional  |9 430453 
650 0 |a Conducta  |9 269782 
700 |a Martínez Sánchez, Francisco  |e coordinador  |9 880304 
942 |c BK  |2 ddc 
945 |d 20080703 00:00:00  |a rbrito 
952 |0 0  |1 0  |4 0  |6 152_400000000000000_PAL_2008  |7 0  |8 A  |9 416394  |a BIBEDU  |b BIBEDU  |d 2019-11-22  |i 4453794  |l 1  |o 152.4 PAL 2008  |p 4453794  |r 2024-10-03  |s 2024-10-02  |w 2019-11-22  |y BK  |k PSI